<?xml version="1.0" encoding="UTF-8"?><?xml-stylesheet type="text/xsl" href="static/style.xsl"?><OAI-PMH xmlns="http://www.openarchives.org/OAI/2.0/" xmlns:xsi="http://www.w3.org/2001/XMLSchema-instance" xsi:schemaLocation="http://www.openarchives.org/OAI/2.0/ http://www.openarchives.org/OAI/2.0/OAI-PMH.xsd"><responseDate>2026-04-27T21:54:43Z</responseDate><request verb="GetRecord" identifier="oai:uvadoc.uva.es:10324/31366" metadataPrefix="marc">https://uvadoc.uva.es/oai/request</request><GetRecord><record><header><identifier>oai:uvadoc.uva.es:10324/31366</identifier><datestamp>2025-02-20T11:40:15Z</datestamp><setSpec>com_10324_23459</setSpec><setSpec>com_10324_954</setSpec><setSpec>com_10324_894</setSpec><setSpec>col_10324_23462</setSpec></header><metadata><record xmlns="http://www.loc.gov/MARC21/slim" xmlns:doc="http://www.lyncode.com/xoai" xmlns:xsi="http://www.w3.org/2001/XMLSchema-instance" xmlns:dcterms="http://purl.org/dc/terms/" xsi:schemaLocation="http://www.loc.gov/MARC21/slim http://www.loc.gov/standards/marcxml/schema/MARC21slim.xsd">
<leader>00925njm 22002777a 4500</leader>
<datafield tag="042" ind1=" " ind2=" ">
<subfield code="a">dc</subfield>
</datafield>
<datafield tag="720" ind1=" " ind2=" ">
<subfield code="a">Vaquerizo Villar, Fernando</subfield>
<subfield code="e">author</subfield>
</datafield>
<datafield tag="720" ind1=" " ind2=" ">
<subfield code="a">Álvarez González, Daniel</subfield>
<subfield code="e">author</subfield>
</datafield>
<datafield tag="720" ind1=" " ind2=" ">
<subfield code="a">Kheirandish Gozal, Leila</subfield>
<subfield code="e">author</subfield>
</datafield>
<datafield tag="720" ind1=" " ind2=" ">
<subfield code="a">Gutierrez Tobal, Gonzalo César</subfield>
<subfield code="e">author</subfield>
</datafield>
<datafield tag="720" ind1=" " ind2=" ">
<subfield code="a">Barroso García, Verónica</subfield>
<subfield code="e">author</subfield>
</datafield>
<datafield tag="720" ind1=" " ind2=" ">
<subfield code="a">Romero Oraa, Roberto</subfield>
<subfield code="e">author</subfield>
</datafield>
<datafield tag="720" ind1=" " ind2=" ">
<subfield code="a">Crespo Senado, Andrea</subfield>
<subfield code="e">author</subfield>
</datafield>
<datafield tag="720" ind1=" " ind2=" ">
<subfield code="a">Campo Matias, Félix del</subfield>
<subfield code="e">author</subfield>
</datafield>
<datafield tag="720" ind1=" " ind2=" ">
<subfield code="a">Gozal, David</subfield>
<subfield code="e">author</subfield>
</datafield>
<datafield tag="720" ind1=" " ind2=" ">
<subfield code="a">Hornero Sánchez, Roberto</subfield>
<subfield code="e">author</subfield>
</datafield>
<datafield tag="260" ind1=" " ind2=" ">
<subfield code="c">2017</subfield>
</datafield>
<datafield tag="520" ind1=" " ind2=" ">
<subfield code="a">En este estudio se pretende simplificar el diagnóstico del&#xd;
Síndrome de la Apnea-Hipopnea del Sueño (SAHS) infantil. Para&#xd;
ello, se ha desarrollado una metodología basada en el análisis&#xd;
automático de la señal de saturación de oxígeno en sangre (SpO2)&#xd;
procedente de la oximetría nocturna. Se ha utilizado una base de&#xd;
datos compuesta por registros de SpO2 de 298 niños. En primer&#xd;
lugar, se ha aplicado el análisis de fluctuaciones sin tendencias&#xd;
(DFA) para extraer características que permitan caracterizar&#xd;
relaciones de escala y fluctuaciones producidas en la señal de&#xd;
SpO2. A continuación, se ha entrenado un clasificador binario&#xd;
basado en análisis discriminante lineal (LDA) a partir de las&#xd;
características extraídas para determinar la presencia de SAHS.&#xd;
Esta metodología se ha evaluado utilizando tres puntos de corte&#xd;
del índice de apnea-hipopnea (IAH) empleados para determinar&#xd;
la severidad del SAHS en niños: 1, 5 y 10 eventos por hora de&#xd;
sueño (e/h). Los resultados obtenidos mostraron diferencias en&#xd;
las fluctuaciones y las relaciones de escala de la señal de SpO2&#xd;
asociadas a la severidad del SAHS. En términos de precisión, el&#xd;
modelo LDA alcanzó un elevado rendimiento diagnóstico a la&#xd;
hora de determinar la presencia de SAHS moderado (IAH≥5 e/h,&#xd;
81.2%) y SAHS severo (IAH≥10 e/h, 84.6%). Estos resultados&#xd;
sugieren que el análisis de la señal de SpO2 mediante DFA es útil&#xd;
para determinar la presencia de SAHS infantil moderado-asevero.</subfield>
</datafield>
<datafield tag="024" ind2=" " ind1="8">
<subfield code="a">http://uvadoc.uva.es/handle/10324/31366</subfield>
</datafield>
<datafield tag="245" ind1="0" ind2="0">
<subfield code="a">Análisis de fluctuaciones sin tendencias (DFA) en los registros de oximetría para la ayuda en el diagnóstico del síndrome de la apnea-hipopnea del sueño infantil</subfield>
</datafield>
</record></metadata></record></GetRecord></OAI-PMH>